Entry Personal Name
Number of records used in: 1
001 - CONTROL NUMBER
003 - CONTROL NUMBER IDENTIFIER
005 - DATE AND TIME OF LATEST TRANSACTION
- control field:
20231103105118.0
008 - FIXED-LENGTH DATA ELEMENTS
- fixed length control field:
000503n| acannaabn |a aaa c
010 ## - LIBRARY OF CONGRESS CONTROL NUMBER
- LC control number:
no 00031659
035 ## - SYSTEM CONTROL NUMBER
- System control number:
(OCoLC)oca05210485
040 ## - CATALOGING SOURCE
- Original cataloging agency:
ICU
- Language of cataloging:
eng
- Transcribing agency:
ICU
- Modifying agency:
InU
100 1# - HEADING--PERSONAL NAME
- Personal name:
Ansari, Muḥammad Fazl al-Rahman
400 1# - SEE FROM TRACING--PERSONAL NAME
- Personal name:
Ansari, Muhammad Fazl-ur-Rahman
400 1# - SEE FROM TRACING--PERSONAL NAME
- Personal name:
Ansari, Fazlur Rahman
670 ## - SOURCE DATA FOUND
- Source citation:
Islam to the modern mind, 1999:
- Information found:
t.p. (Muhammad Fazl-ur-Rahman Ansari)
670 ## - SOURCE DATA FOUND
- Source citation:
Islam to the modern mind, 2006:
- Information found:
t.p. (Mawlana Muhammad Fazl-ur-Rahman Ansari (ra)) cover (Fazlur Rahman Ansari)